LEADER 01725nam a2200361 u 4500 001 000000003818 003 CaOOAMICUS 005 20070226104601.0 008 941010s1991 it u000 u ita u 020 $a88-311-1009-8 035 $a10100904 040 $aPUL(R)$bita 041 1 $aita$hrus 100 0 $aDaniil,$cegumeno,$dm. 1122?.$0(OLS)http://pul/name/3969 240 10$aPravoslavnoe Palestinskoe Ob??estvo.$lItaliano.$0(OLS)http://pul/title/5581 245 10$aItinerario in Terra Santa /$cDaniil Egumeno ; introduzione, traduzione e note a cura di Marcello Garzaniti. 260 $a[Roma] :$bCittà Nuova,$cc1991. 300 $a206 p. ;$c22 cm 490 1 $aFonti cristiane per il terzo millennio ;$v6 504 $aBibliografia: p. 60-65. 600 04$aDaniil,$cegumeno,$dm. 1122?.$tPravoslavnoe Palestinskoe Ob??estvo$lItaliano$xTraduzioni.$0(OLS)http://pul/subject/3156 650 4$aLetteratura russa$ySec. XII$xCritica e interpretazione.$0(OLS)http://pul/subject/3157 650 4$aPellegrini e pellegrinaggi$ySec. XII$zPalestina.$0(OLS)http://pul/subject/3158 651 4$aPalestina$xDescrizione e viaggi.$0(OLS)http://pul/subject/672 700 1 $aGarzaniti, Marcello.$0(OLS)http://pul/name/3970 830 0$aFonti cristiane per il terzo millennio ;$v6.$0(OLS)http://pul/title/2493 850 $aPUL 852 $aPUL$W1$xSL Religione 1$y3$m1 I 26$j5267$nBK-PRI$b $qStampati$B5267$CPULBib$Z2$F5267 $H $81 941 1 $a8 961 $aINV: 67682 996 $6020$a88-311-1009-8$9(OLS)http://pul/number/4970 996 $6245$aItinerario in Terra Santa$9(OLS)http://pul/title/5582 996 $6260$a[Roma] :$bCittà Nuova$9(OLS)http://pul/publisher/48834 LEADER 02093nam a2200397 u 4500 001 000000022701 003 CaOOAMICUS 005 20070226111144.0 008 950421s1980 it u000 u ita u 020 $aL6000 035 $a10570553 040 $aPUL$bita 041 0 $aita$alat$agrc 100 1 $aPuliatti, Salvatore.$0(OLS)http://pul/name/1748 245 10$aRicerche sulla legislazione regionale di Giustiniano :$blo statuto civile e l'ordinamento militare della prefettura africana /$cSalvatore Puliatti. 260 $aMilano :$bA. Giuffrè,$c1980. 300 $a130 p. ;$c25 cm 490 1 $aSeminario giuridico della Università di Bologna ;$v84 500 $aItalian or Latin, with notes in Greek, Italian, or Latin. 504 $aIncludes bibliographical references and indexes. 630 04$aCorpus iuris civilis.$0(OLS)http://pul/subject/2130 650 0$aAdministrative law$zAfrica, North$xHistory.$2//eng$0(OLS)http://pul/subject/14143 650 0$aLocal government$xLaw and legislation$zAfrica, North$xHistory.$2//eng$0(OLS)http://pul/subject/14144 650 0$aMilitary law$zAfrica, North$xHistory.$2//eng$0(OLS)http://pul/subject/14145 650 0$aLaw, Byzantine$xHistory.$2//eng$0(OLS)http://pul/subject/14146 650 0$aRoman law$xHistory.$0(OLS)http://pul/subject/1407 710 2 $aUniversità degli studi di Bologna.$0(OLS)http://pul/name/1127 830 0$aSeminario giuridico della Università di Bologna ;$v84.$0(OLS)http://pul/title/1292 850 $aPUL 852 $aPUL$W1$xSL Diritto e Scienze Sociali 1$y4$m186 I 4$j31834$nBK-PRI$b $qStampati$B31834$CPULBib$Z2$F31834 $H $81 941 1 $a8 961 $aINV: 67369 983 0$aPubblicazioni del Seminario giuridico della Università di Bologna. 996 $6020$aL6000$9(OLS)http://pul/number/7050 996 $6245$aRicerche sulla legislazione regionale di Giustiniano :$blo statuto civile e l'ordinamento militare della prefettura africana$9(OLS)http://pul/title/31614 996 $6260$aMilano :$bA. Giuffrè$9(OLS)http://pul/publisher/48096